000 00311pab a2200121 454500
008 180718b xxu||||| |||| 00| 0 eng d
100 _aLindsey Lawrence B.
245 _aThe limits of monetary policy
362 _a(113), Fall 93, p.28-39
650 _aMonetary Policy
773 _aPublic Interest
909 _a25430
999 _c25430
_d25430